Drugie największe miasto w państwach Europy - Statystyki

Ogólne statystyki
  • Ten quiz został rozwiązany 41 razy
  • Średni wynik to 24 z 43
Statystyki odpowiedzi
Pańswto Miasto % Poprawnych
Polska Kraków
98%
Niemcy Hamburg
95%
Włochy Mediolan
95%
Hiszpania Barcelona
93%
Portugalia Porto
93%
Holandia Rotterdam
93%
Rosja Petersburg
90%
Czechy Brno
88%
Grecja Saloniki
88%
Francja Marsylia
85%
Litwa Kowno
83%
Wielka Brytania Birmingham
80%
Austria Graz
80%
Słowacja Koszyce
75%
Chorwacja Split
75%
Ukraina Charków
73%
Norwegia Bergen
70%
Szwecja Göteborg
68%
Irlandia Cork
65%
Węgry Debreczyn
65%
Szwajcaria Genewa
65%
Słowenia Maribor
65%
Bułgaria Płowdiw
55%
Rumunia Kluż Napoka
53%
Belgia Gandawa
48%
Dania Aarhus
45%
Bośnia i Hercegowina Banja Luka
45%
Albania Durres
45%
Białoruś Homel
45%
Łotwa Dyneburg
40%
Serbia Nisz
38%
Estonia Tartu
38%
Liechtenstein Vaduz
38%
Finlandia Espoo
35%
Malta Mosta
28%
Mołdawia Bielce
20%
Czarnogóra Nikšić
20%
Macedonia Północna Bitola
15%
Kosowo Prizren
15%
Islandia Kópavogur
10%
Andora Les Escaldes
8%
San Marino Borgo Maggiore
3%
Luksemburg Esch-sur-Alzette
3%
Nie znaleziono quizów pasujących do podanych kryteriów
Rozkład punktacji
Procent ludzi z każdym wynikiem
Percentyl według liczby udzielonych odpowiedzi
Twoja historia wyników
Nie rozwiązałeś tego quizu